Statistics for Boys Names that start with F

Click here to take the quiz!

General Stats

  • This quiz has been taken 305 times
  • The average score is 7 of 15

Answer Stats

Answer% Correct
Franklin
90%
Frederick
88%
Francis
74%
Finn
67%
Felix
52%
Fabian
46%
Filip
42%
Finley
39%
Flynn
32%
Ford
29%
Forrest
28%
Foster
26%
Ferguson
21%
Frasier
21%
Fletcher
14%

Score Distribution

Percentile by Number Answered

Percent of People with Each Score

Your Score History

You have not taken this quiz